Dates - Restaurations et révolutions européennes - Statistiques

Statistiques générales
  • Ce quiz a été pris 107 fois
  • Le résultat moyen est 4 sur 12
Statistiques - réponses
Evènement Précision Date % Correct
Monarchie de juillet Années 1830-1848
70%
Mort de Louis XVIII et sacre de Charles X Année 1824
66%
Exil de Louis XVIII en Grande Bretagne Année 1791
64%
Révolutions partout en Europe (libérales et nationalistes) (Printemps des peuples) Année 1848
58%
Trois Glorieuses Jours, mois et année 27, 28 et 29 juillet 1830
58%
Révolte du peuple qui pille les Tuileries, renversement de la monarchie et Deuxième République Jour, mois et année 24 février 1848
23%
Congrès de Vienne Mois et années Septembre 1814-Juin 1815
20%
Le régime se durcit (forte opposition entre riches et pauvres) Année A partir de 1835
19%
Crise économique aggravée, réformes les plus libérales rejetées, presse censurée et interdiction des réunions politiques Années 1846-1847
18%
Début de la campagne des banquets Mois et année Février 1848
11%
Périodes d’émeute Années 1831-1834
9%
Louis XVIII est ramené en France par la coalition Jour, mois et année 30 mars 1814
9%
Aucun quiz correspondant
Distribution des résultats
% des personnes avec chaque résultat
Percentile par nombre de réponses
Votre historique - résultats
Vous n’avez pas pris ce quiz